Normal view
MARC view
- Vanderbilt, Cornelius,
Entry Personal Name
001 - CONTROL NUMBER
- control field: 93710
003 - CONTROL NUMBER IDENTIFIER
- control field: NUST
005 - DATE AND TIME OF LATEST TRANSACTION
- control field: 20220719105716.0
008 - FIXED-LENGTH DATA ELEMENTS
- fixed length control field: 220719|| aca||aabn | a|a d
040 ## - CATALOGING SOURCE
- Original cataloging agency: NUST
- Transcribing agency: NUST
100 ## - HEADING--PERSONAL NAME
- Personal name: Vanderbilt, Cornelius,
- Dates associated with a name: 1794-1877
- General subdivision: Family
670 ## - SOURCE DATA FOUND
- Source citation: Work cat.: (NUST)0: Cooper, Anderson, author. 93707, Vanderbilt :
